000
00237nam a22000857a 4500
008
161206b xxu||||| |||| 00| 0 eng d
100
_9
1824
_a
Bhusan. B
245
_a
New course science : chemistry-1
260
_a
New delhi
_b
Arya publication
_c
2006
999
_c
4564
_d
4564